000 00666nam a2200241 i 4500
001 12265
003 ES-MaACL
005 20230906150257.0
007 t|
008 901123s1989 sp ||||0| spa j
016 7 _zSAB9000096796
020 _a84-7492-416-2
040 _aM-BN-DP
_bspa
_cM-BN-DP
080 _a860-32"19"
100 1 _aSeijas García, María Otilia.
_9105262
245 1 0 _aViudas de vivos /
_cMaría Otilia Seijas García.
260 _aSada, A Coruña :
_bEdiciós do Castro,
_c1989.
300 _a97 p ;
_c18 cm.
490 1 _aNarrativa
830 0 _aNarrativa
_9177839
852 _aES-MaACL
_jL-19537
_bR.122261
999 _c12265
_d12265